| 000 | 00828nam a22002057a 4500 | ||
|---|---|---|---|
| 999 |
_c7456 _d7456 |
||
| 003 | AR-CdUCM | ||
| 008 | 190320b ||||| |||| 00| 0 spa d | ||
| 040 |
_aMUNICIPALIDAD PROVINCIAL DEL CUSCO _cBIBLIOTECA MUNICIPAL DEL CUSCO |
||
| 082 |
_a539.74 / _bP61 |
||
| 100 |
_aPiraux, H _921024 |
||
| 245 | _aLos isotopos radiactivos y sus aplicaciones industriales / | ||
| 260 |
_aMadrid : _bParaninfo, _c1965. |
||
| 300 |
_a312 paginas , _bIlustraciones _c22 cm. |
||
| 505 | _aContenido :Que son los radio elementos -- Efectos fisiológicos de las radiaciones -- Acción sobre la materia y protección -- Condiciones de trabajo -- Los detectores de radiaciones ... | ||
| 650 |
_aElectroacústica _921025 |
||
| 650 |
_aAcústica _921026 |
||
| 700 |
_aVidondo Morras, Félix (traductor) _921027 |
||
| 942 |
_2ddc _cLIBROS |
||
| 945 | _arum | ||